00436nam a2200097Ia 4500008004100000100001700041245015300058260008600211500002900297546001200326220512s9999 xx 000 0 eng d aBhupal, D S  0aImpact of Mahatma Gandhi National Rural Employment Guarantee Scheme on Wage Rates,Food Security and rural-urban migration in Haryana /cBhupal, D S  aNew Delhi :bAgricultural Economics Research Centre, University of Delhi,cAug-11 aResearch Study No 2011/2 aEnglish